00489nam a22001577a 45000050016000000100017000160200026000330350017000590370013000760820006000891000032000952450085001272600035002122700060002473000024003072012012003123.0 aB-445739-744 a9780143029267c150.00 aB-445739-744 adplbPub aN aChattopadhyay, Saratchandra aDevdas :cby Saratchandra Chattopadhyay; translated by Sreejata Guhaba novel / aNew DelhibPenguin Booksc2002 a11 Community Centre, Panchsheel ParkbNew Delhie110017 axv,128p.c17cm(pbk)